00832nam a2200265Ia 4500008004100000020001600041050000800057050001000065100001900075245003400094245006300128260002100191260002300212260000900235300001600244300002700260300001000287500010000297650001600397650004200413650001600455650001300471650001300484700006900497170203s9999 xx 000 0 und d a0-395978351 aFic bR456c aRey, Margaret. aCurious George goes camping / cillustrated in the style of H.A. Rey by Vipah Interactive. aBoston, Mass. :  bHoughton Mifflin,  c1999 a24 pages :  bcolor illustrations ;  c21 cm a"Based on the character of Curious GeorgeĀ®, created by Margret & H.A. Rey."--Title page verso. aCamping --  aCurious George (Fictitious character) aMonkeys --  xFiction. xFiction. aMargret and H.A. Rey's Curious George goes camping, other title.